000
00265nam a22001097a 4500
082
_a
910 POU"B
100
_a
POUNTS, N. J. G
_9
59571
245
_a
BEYOND THE OCEANS EURASIC AFRICA AUSTRALIA
260
_a
NEWYORK
_b
RAND MCNALLY
_c
1957
300
_a
471P
942
_c
BK
999
_c
569515
_d
569515